Statistics for Countries that Start with M with Exceptions

Click here to take the quiz!

General Stats

  • This quiz has been taken 73 times
  • The average score is 6 of 8

Answer Stats

Country % Correct
Mexico
87%
Montenegro
83%
Mozambique
83%
Moldova
79%
Monaco
79%
Myanmar
74%
Morocco
73%
Mongolia
71%

Score Distribution

Percentile by Number Answered

Percent of People with Each Score

Your Score History

You have not taken this quiz